[Event "Hamburg HSK DWZ op 1st"]
[Site "Hamburg"]
[Date "2002.09.29"]
[Round "5"]
[White "Wehrs, Sven"]
[Black "Daschkin, Andrej"]
[Result "1-0"]
[WhiteElo "1019"]
[BlackElo "1328"]
[PlyCount "61"]
[EventDate "2002.09.??"]
[EventType "swiss"]
[EventRounds "5"]
[EventCountry "GER"]
[SourceTitle "EXT 2006"]
[Source "ChessBase"]
[SourceDate "2005.11.24"]
[SourceVersion "1"]
[SourceVersionDate "2005.11.24"]
[SourceQuality "1"]

1. e4 e5 2. Nf3 Nc6 3. Nc3 Nf6 4. Bc4 Nxe4 5. d3 Nxc3 6. bxc3 Bc5 7. 0-0 0-0 8. d4 exd4 9. cxd4 Bb6 10. Bf4 d6 11. d5 Na5 12. Nd2 Nxc4 13. Nxc4 Qf6 14. Qd2 Bf5 15. Bg5 Qg6 16. Ne3 Qxg5 17. Rac1 Bxe3 18. fxe3 Bd7 19. Rf3 Rae8 20. Qc3 c6 21. Rg3 Qe5 22. Qd3 Qxd5 23. Qe2 Qxa2 24. Rf1 b5 25. Rf4 c5 26. h3 b4 27. Rh4 b3 28. Qh5 Qxc2 29. Qg5 g6 30. Qh6 g5 31. Rxg5+ 1-0

[Event "Hamburg HSK DWZ op 1st"]
[Site "Hamburg"]
[Date "2002.09.27"]
[Round "2"]
[White "Sattler, Christian"]
[Black "Wehrs, Sven"]
[Result "1-0"]
[WhiteElo "1479"]
[BlackElo "1019"]
[PlyCount "115"]
[EventDate "2002.09.??"]
[EventType "swiss"]
[EventRounds "5"]
[EventCountry "GER"]
[SourceTitle "EXT 2006"]
[Source "ChessBase"]
[SourceDate "2005.11.24"]
[SourceVersion "1"]
[SourceVersionDate "2005.11.24"]
[SourceQuality "1"]

1. e4 c5 2. Nf3 Nc6 3. d4 cxd4 4. Nxd4 Nf6 5. Nc3 e5 6. Nxc6 bxc6 7. Bc4 Bc5 8. 0-0 0-0 9. Bg5 h6 10. Bh4 d6 11. Qf3 g5 12. Bg3 Bg4 13. Qd3 Nh5 14. h3 Nxg3 15. Qxg3 Be6 16. Bb3 Bd4 17. Na4 c5 18. Bxe6 fxe6 19. c3 Qd7 20. b3 Bxf2+ 21. Rxf2 Rxf2 22. Qxf2 Rf8 23. Qe2 d5 24. exd5 exd5 25. Qxe5 Re8 26. Nxc5 Qe7 27. Qxe7 Rxe7 28. Kf2 Rc7 29. b4 a5 30. a3 Kf7 31. Rd1 axb4 32. axb4 Ra7 33. Rxd5 Ra2+ 34. Kf3 Ra3 35. Rd3 Kg6 36. c4 Ra1 37. Rd6+ Kg7 38. Kg4 Rc1 39. Rd4 Kf6 40. b5 Ke5 41. Nd3+ Kxd4 42. Nxc1 Kc5 43. Kh5 Kxc4 44. b6 Kc3 45. b7 Kd2 46. Nb3+ Ke3 47. b8Q Ke4 48. Qb5 Kf4 49. Qd5 g4 50. h4 Kg3 51. Qe4 Kh2 52. Kxg4 Kg1 53. Qf3 Kh2 54. g3 h5+ 55. Kxh5 Kg1 56. Qe2 Kh1 57. Nd2 Kg1 58. Nf3+ 1-0

[Event "Hamburg HSK DWZ op 1st"]
[Site "Hamburg"]
[Date "2002.09.27"]
[Round "1"]
[White "Wehrs, Sven"]
[Black "Benthin, Thomas"]
[Result "0-1"]
[WhiteElo "1019"]
[BlackElo "1685"]
[PlyCount "94"]
[EventDate "2002.09.??"]
[EventType "swiss"]
[EventRounds "5"]
[EventCountry "GER"]
[SourceTitle "EXT 2006"]
[Source "ChessBase"]
[SourceDate "2005.11.24"]
[SourceVersion "1"]
[SourceVersionDate "2005.11.24"]
[SourceQuality "1"]

1. e4 c6 2. Nf3 d5 3. Bd3 Bg4 4. h3 Bh5 5. 0-0 e5 6. Re1 Qc7 7. exd5 cxd5 8. Rxe5+ Qxe5 9. Nxe5 Bxd1 10. Nc3 Bd6 11. Nxd1 Bxe5 12. Ne3 Nf6 13. Rb1 0-0 14. b3 Nc6 15. Bb2 Bxb2 16. Rxb2 Rfe8 17. c4 Nb4 18. Be2 d4 19. a3 Nc6 20. Bf3 dxe3 21. dxe3 Rad8 22. Rb1 Rd2 23. Rd1 Rxd1+ 24. Bxd1 Rd8 25. Bf3 Rd3 26. b4 Rxa3 27. b5 Na5 28. c5 Rc3 29. c6 bxc6 30. bxc6 Nxc6 31. e4 a5 32. e5 Rxf3 33. gxf3 Nxe5 34. f4 Nd3 35. Kg2 Nxf4+ 36. Kg3 N6d5 37. Kh2 a4 38. f3 a3 39. Kg3 a2 40. h4 a1Q 41. Kg4 Qb1 42. h5 Qg1+ 43. Kf5 Qd4 44. Kg4 Ne2+ 45. Kh3 Nf6 46. Kg2 Qg1+ 47. Kh3 Qg3# 0-1